000 00729nam a22001937a 4500
999 _c20567
_d20567
003 AR-CdUCM
008 190531b ||||| |||| 00| 0 spa d
040 _aMUNICIPALIDAD PROVINCIAL DEL CUSCO
_cBIBLIOTECA MUNICIPAL DEL CUSCO
082 _a808 /
_bL15
100 _aLadron de Cegama, J.
_942996
245 _aEl arte de escribir con facilidad /
260 _aMéxico :
_bOlimpo,
_c1961.
300 _a142 páginas ;
_c18 cm.
505 _aContenido: Ventajas y desventajas de la exposición escrita -- Visión objetiva y visión subjetiva del arte de escribir -- Concejos preliminares...
650 _aEscribir como arte
_942997
650 _aConcejos para escrbir
_942998
942 _2ddc
_cLIBROS
945 _adavv
_d2019-05-31